ბათუმის შოთა რუსთაველის სახელმწიფო უნივერსიტეტის ბიბლიოთეკა

Автомобили.Конструкция,нагрузочные режимы,рабочие процессы, прочность агрегатов автомобиля. (ბიბ.ჩანაწერი № 35792)

000 -LEADER
fixed length control field 00783nam a2200229Ia 4500
001 - CONTROL NUMBER
control field 1676
003 - CONTROL NUMBER IDENTIFIER
control field GE_BSU
008 - FIXED-LENGTH DATA ELEMENTS--GENERAL INFORMATION
fixed length control field 181216s||||||||xx |||||||||||||| ||und||
040 ## - CATALOGING SOURCE
Transcribing agency GE_BSU
080 ## - UNIVERSAL DECIMAL CLASSIFICATION NUMBER
Universal Decimal Classification number 629(075.8)
100 ## - MAIN ENTRY--PERSONAL NAME
Personal name Бухарин,Н.А. Прозоров,В.С. Щукин,М.М.
245 ## - TITLE STATEMENT
Title Автомобили.Конструкция,нагрузочные режимы,рабочие процессы, прочность агрегатов автомобиля.
245 ## - TITLE STATEMENT
Remainder of title Учебник для студ. вузов.
250 ## - EDITION STATEMENT
Edition statement 2-е изд. доп. и перераб.
260 ## - PUBLICATION, DISTRIBUTION, ETC.
Place of publication, distribution, etc. Л.
260 ## - PUBLICATION, DISTRIBUTION, ETC.
Name of publisher, distributor, etc. Машиностроение.
260 ## - PUBLICATION, DISTRIBUTION, ETC.
Date of publication, distribution, etc. 1973.
300 ## - PHYSICAL DESCRIPTION
Extent 504стр. 22см.
653 ## - INDEX TERM--UNCONTROLLED
Uncontrolled term Автомобили.
942 ## - ADDED ENTRY ELEMENTS (KOHA)
Koha item type წიგნი
ეგზემპლარები
Withdrawn status Lost status Damaged status Not for loan Date acquired Barcode Date last seen Price effective from Koha item type
        2018-12-17 3251 2018-12-17 2018-12-17 წიგნი